Beautiful from this angle / (Record no. 51307)

MARC details
000 -LEADER
fixed length control field 01929nam a22002897a 4500
005 - DATE AND TIME OF LATEST TRANSACTION
control field 20110127061155.0
020 ## - INTERNATIONAL STANDARD BOOK NUMBER
International Standard Book Number 9780143068761
Terms of availability 250.00
035 ## - SYSTEM CONTROL NUMBER
System control number B-424191-198
037 ## - SOURCE OF ACQUISITION
Source of stock number/acquisition Penguin Books
037 ## - SOURCE OF ACQUISITION
Source of stock number/acquisition Allied/DE/2011/CR/0000149/27.4.11/85/24.3.11/10.6.11
082 ## - DEWEY DECIMAL CLASSIFICATION NUMBER
Classification number N
100 1# - MAIN ENTRY--PERSONAL NAME
Personal name Phillips, Maha Khan
245 10 - TITLE STATEMENT
Title Beautiful from this angle /
Statement of responsibility, etc by Maha Khan Phillips
260 ## - PUBLICATION, DISTRIBUTION, ETC. (IMPRINT)
Place of publication, distribution, etc New Delhi
Name of publisher, distributor, etc Penguin Books
Date of publication, distribution, etc 2010
270 ## - ADDRESS
Address 11 Community Centre, Panchsheel Park
City New Delhi
Postal code 110017
300 ## - PHYSICAL DESCRIPTION
Extent 234 p.
Dimensions 21cm (pbk)
650 #0 - SUBJECT ADDED ENTRY--TOPICAL TERM
Topical term or geographic name as entry element Socialites
Geographic subdivision Pakistan
-- Karachi
Form subdivision Fiction.
942 ## - ADDED ENTRY ELEMENTS (KOHA)
Source of classification or shelving scheme Dewey Decimal Classification
Item type English Books
Call number suffix PHI
Classification part N
Holdings
Withdrawn status Lost status Not for loan Collection code Home library Current library Date acquired Source of acquisition Cost, normal purchase price Full call number Barcode Copy number Cost, replacement price Koha item type Public note
      Fiction Central Library Central Library 10/08/2011 Allied/DE/2011/CR/0000149/27.4.11/85/24.3.11/10.6.11 250.00 N PHI B-424191 1 250.00 English Books Legal Case (Register 2018)
      Fiction Janak Puri Janak Puri 10/08/2011 Allied/DE/2011/CR/0000149/27.4.11/85/24.3.11/10.6.11 250.00 N PHI B-424193 1 250.00 English Books  
      Fiction Karol Bagh Karol Bagh 10/08/2011 Allied/DE/2011/CR/0000149/27.4.11/85/24.3.11/10.6.11 250.00 N PHI B-424196 1 250.00 English Books  
      Non-fiction Narela Karol Bagh 10/08/2011 Allied/DE/2011/CR/0000149/27.4.11/85/24.3.11/10.6.11 250.00 N PHI B-424197 1 250.00 English Books  
      Fiction Patel Nagar Patel Nagar 10/08/2011 Allied/DE/2011/CR/0000149/27.4.11/85/24.3.11/10.6.11 250.00 N PHI B-424192 1 250.00 English Books  
      Fiction Sarojini Nagar Sarojini Nagar 10/08/2011 Allied/DE/2011/CR/0000149/27.4.11/85/24.3.11/10.6.11 250.00 N PHI B-424194 1 250.00 English Books  
      Non-fiction Shahdara Branch Shahdara Branch 10/08/2011 Allied/DE/2011/CR/0000149/27.4.11/85/24.3.11/10.6.11 250.00 N PHI B-424198 1 250.00 English Books  

© Delhi Public Library
Hit Counter
free hit counter